Detrás de la cruz, el diablo (Record no. 163810)
[ view plain ]
| 000 -LEADER | |
|---|---|
| campo de control de longitud fija | 00959nam a22001935i 4500 |
| 001 - NÚMERO DE CONTROL | |
| campo de control | 163810 |
| 003 - IDENTIFICADOR DE NÚMERO DE CONTROL | |
| campo de control | ES-MaACL |
| 005 - FECHA Y HORA DE LA ÚLTIMA TRANSACCIÓN | |
| campo de control | 20250929063239.0 |
| 008 - DATOS DE LONGITUD FIJA--INFORMACIÓN GENERAL | |
| campo de control de longitud fija | 990726s1842 sp |||| | spa d |
| 040 ## - FUENTE DE CATALOGACIÓN | |
| Centro catalogador/agencia de origen | CCPB | B |
| Lengua de catalogación | spa |
| Centro/agencia transcriptor | CCPB | B |
| 100 1# - ENTRADA PRINCIPAL--NOMBRE DE PERSONA | |
| Nombre de persona | Rodríguez Rubí, Tomás, |
| Fechas asociadas al nombre | 1817-1890 |
| 9 (RLIN) | 131953 |
| 245 10 - MENCIÓN DEL TÍTULO | |
| Título | Detrás de la cruz, el diablo |
| Resto del título | : comedia en tres actos y en verso / |
| Mención de responsabilidad, etc. | de Tomás Rodríguez Rubí. |
| 260 ## - PUBLICACIÓN, DISTRIBUCIÓN, ETC. | |
| Lugar de publicación, distribución, etc. | Madrid : |
| Nombre del editor, distribuidor, etc. | [Manuel Delgado], |
| Fecha de publicación, distribución, etc. | 1842 ( |
| Fabricante | Imprenta de Repullés) |
| 300 ## - DESCRIPCIÓN FÍSICA | |
| Extensión | 83 p. ; |
| Dimensiones | 19 cm. |
| 490 1# - MENCIÓN DE SERIE | |
| Mención de serie | Galería Dramática |
| 830 0# - PUNTO DE ACCESO ADICIONAL DE SERIE-TÍTULO UNIFORME | |
| Título uniforme | Galería Dramática |
| 9 (RLIN) | 186796 |
| 852 ## - LOCALIZACIÓN | |
| Ubicación | ES-MaACL |
| Número de control de estantería | F-8585(2) |
| Nota libre | -- Enc. pasta española |
| -- | -- An. ms.: numerosas acotaciones ms. al texto |
| -- | -- Enc. en un vol. facticio, formando parte de la col. facticia: "Teatro español moderno", vol. 38 |
| Encuadernación | -- Edic.: el dato de serie debe consta en la cub.-- En la port. sello de la "Galeria dramática de Delgado hermanos" |
| Estatus retirado | Estado de pérdida | Estado de daño | No para préstamo | Colección | Biblioteca de origen | Biblioteca actual | Ubicación en estantería | Fecha de adquisición | Total de préstamos | Signatura topográfica completa | Código de barras | Visto por última vez | Precio de reemplazo | Tipo de ítem Koha |
|---|---|---|---|---|---|---|---|---|---|---|---|---|---|---|
| Libros del s. XIX | Biblioteca del Ateneo de Madrid | Biblioteca del Ateneo de Madrid | Sala Pecera Planta 2 | 17/01/2008 | F-8585(2) | 1171671 | 23/02/2023 | 23/02/2023 | Libro impreso antiguo |
